logo

GENDARMERIE VAUDOISE ARMAMENT 1803-2003 (Record no. 51858)

MARC details
000 -CABECERA
campo de control de longitud fija 00398nam a2200169Ia 4500
001 - NÚMERO DE CONTROL
campo de control 27938
005 - FECHA Y HORA DE LA ÚLTIMA TRANSACCIÓN
campo de control 20260407083950.0
008 - CÓDIGOS DE INFORMACIÓN DE LONGITUD FIJA
campo de control de longitud fija 260115s9999 xx 000 0 und d
035 ## - NÚMERO DE CONTROL DEL SISTEMA
Número de control de sistema 18307
090 ## - LOCALMENTE ASIGNADO TIPO-LC NÚMERO DE CLASIFICACIÓN (OCLC); NÚMERO DE CLASIFICACIÓN LOCAL (RLIN)
Número de clasificación (OCLC) (R) ; Numero de clasificación CALL (RLIN) (NR) 623.4
100 ## - PUNTO DE ACCESO PRINCIPAL - NOMBRE DE PERSONA
Nombre de persona MORIER J.
245 #0 - MENCIÓN DE TÍTULO
Título GENDARMERIE VAUDOISE ARMAMENT 1803-2003
260 ## - PUBLICACIÓN, DISTRIBUCIÓN, ETC. (PIE DE IMPRENTA)
Nombre del editor distribuidor etc. AUTOR
Fecha de publicación distribución etc. 2002
630 ## - PUNTO DE ACCESO ADICIONAL DE MATERIA--TÍTULO UNIFORME
Título uniforme INGENIERIA MILITAR
650 ## - PUNTO DE ACCESO ADICIONAL DE MATERIA--TÉRMINO DE MATERIA
Término de materia o nombre geográfico como elemento inicial INGENIERIA MILITAR
942 ## - ELEMENTOS DE PUNTO DE ACCESO ADICIONAL (KOHA)
Tipo de ítem Koha Monografías
Holdings
Estado de retiro Estado de pérdida Estado dañado No para préstamo Código de colección Localización permanente Ubicación/localización actual Ubicación en estantería Fecha de adquisición Enumeración/cronología de publicación seriada Número de inventario Número de registro Total de préstamos Signatura topográfica completa Código de barras Fecha visto por última vez Número de copia Precio válido a partir de Tipo de ítem Koha Nota pública
          Servicio de Estudios Históricos Servicio de Estudios Históricos   25/02/2003 623.4 24688 24688   18307 FH_27938 05/02/2026 1 05/02/2026 Monografías 30 CTMS. 19 PAGS. ECUBLENS